000 00483nam a2200181Ia 4500
005 20250326125824.0
008 250326s9999 xx 000 0 und d
037 _aTextbook
040 _aFMSL
_beng
_cFMSL
041 _aeng
_2eng
084 _aX:8 N6
_qFMSL
100 _aBerg T L
_9736841
245 0 _aProduct strategy and management
_cBerg T L
260 _aNY Holt
_bNY Holt, Rinehart
_c1966
300 _a612p
942 _cTB
_hX:8 N6
999 _c1279739
_d1279739